All North American Pro Sports Letter Logos - Statistics

General Stats
  • This quiz has been taken 39 times
  • The average score is 31 of 38
Answer Stats
Picture Answer % Correct
Green Bay Packers
100%
Indiana Pacers
100%
Seattle Kraken
91%
Boston Bruins
88%
Cincinnati Bengals
88%
Cincinnati Reds
88%
Cleveland Cavaliers
88%
Cleveland Guardians
88%
New Jersey Devils
88%
Tennessee Titans
88%
Colorado Avalanche
84%
Houston Rockets
84%
Los Angeles Angels
84%
Los Angeles Rams
84%
New York Giants
84%
Philadelphia Eagles
84%
Philadelphia Flyers
84%
Calgary Flames
81%
Colorado Rockies
81%
Dallas Stars
81%
Houston Astros
81%
Pittsburgh Pirates
81%
Vancouver Canucks
81%
Vegas Golden Knights
81%
Washington Commanders
81%
Arizona Diamondbacks
78%
Chicago Cubs
78%
Columbus Blue Jackets
78%
Milwaukee Brewers
78%
San Diego Padres
78%
Detroit Tigers
75%
Montreal Canadiens
75%
Texas Rangers
75%
Utah Mammoth
75%
Washington Nationals
75%
Chicago Bears
72%
Los Angeles Clippers
72%
Washington Capitals
69%
No matching quizzes found
Score Distribution
Percent of People with Each Score
Percentile by Number Answered
Your Score History
You have not taken this quiz